000 01773cam a22004934i 4500
003 PE-LiUPU
005 20250731173030.0
008 150623s1998 gaua rb 000 0 eng d
020 _a0865545820
035 _a(Sirsi) i9780865545823
040 _aPE-LiUPU
_bspa
_cPE-LiUPU
_erda
049 _aPRUA
082 0 4 _a232.908
_bCh24
_221
245 0 0 _aChronos, kairos, Christos II :
_bchronological, Nativity, and religious studies in memory of Ray Summers /
_ceditado por E. Jerry Vardaman.
264 1 _aMacon, Georgia :
_bMercer University Press,
_c1998.
300 _a320 páginas :
_bilustraciones, cuadros, gráficos ;
_c24 centímetros
336 _atext
_2rdacontent
337 _aunmediated
_2rdamedia
338 _avolume
_2rdacarrier
504 _aIncluye bibliografía.
505 0 _aRay Summers the teacher -- Studies in memory of Ray Summers.
526 _aSEG42
526 _aSEG41
526 _aSEG40
526 _aSEG39
526 _aP94
526 _aP87
526 _aP86
526 _aP85
526 _aP77
526 _aP76
526 _aP35
600 1 _aJesucristo
_xFecha de la muerte
600 1 _aJesucristo
_xFecha de nacimiento
630 _aBiblia.
_pN.T.
_xCrítica, interpretación, etc.
650 0 4 _aSummers, Ray.
700 1 _aVardaman, E. Jerry,
_eeditor.
942 _2ddc
_cBOOK
949 _a232.908 CH24
_wDEWEY
_c1
_i48104
_lCCODEBUL1
_mBUL
_r0
_sY
_tBOOK
_u2015-6-24
_xTEOLOGIA
_PP35
_0COMPRA
_o.STAFF. Colección Teología
994 _aC0
_bPEPRU
596 _a1
999 _a232.908 CH24
_wDEWEY
_c25078
_i48104
_f2021-11-10
_g5
_lCCODEBUL1
_mBUL
_p18.00
_r0
_sY
_tBOOK
_u2015-6-24
_xTEOLOGIA
_PP35
_0COMPRA
_o.STAFF. Colección Teología
_d25078
980 _81
_gALBERTO SANCHEZ Responsable de Automatización